000 00310nam a22001217a 4500
020 _a0070583110
082 _a005.8FIR
100 _aStrassberg, Keith E. & Richard j. Gondek & Gary Rollie
245 _aThe complete Reference Firewalls
260 _aIndia
_bTata McGraw-Hill
_c2003
300 _a944
_bPB
942 _cBK
999 _c23137
_d23137